LEADER 02599nam0 2200301 450 001 000030736 005 20120402132408.0 010 $a0-444-52227-1$dGBP125.00 100 $a20120402d2007----km-y0itaa50------ba 101 0 $aeng 102 $aNL 200 1 $aIdeas of quantum chemistry$fby Lucjan Piela 210 $aAmsterdam [etc.]$cElsevier$d2007 215 $aXXXIV, 1086 p.$cill.$d25 cm. 330 $aShows how quantum mechanics is applied to chemistry to give it a theoretical foundation. This book emphasizes the logical relationships between various topics, facts and methods. It shows the reader which parts of the text are needed for understanding specific aspects of the subject matter. 330 $a"Ideas of Quantum Chemistry" shows how quantum mechanics is applied to chemistry to give it a theoretical foundation. The structure of the book (a Tree-form) emphasizes the logical relationships between various topics, facts and methods. It shows the reader which parts of the text are needed for understanding specific aspects of the subject matter. Interspersed throughout the text are short biographies of key scientists and their contributions to the development of the field."Ideas of Quantum Chemistry" has both textbook and scientific reference work aspects. Like a textbook, the material is organized into digestable sections with each chapter following the same structure. It answers frequently asked questions. The most important conclusions and the essential mathematical formulae are highlighted in the text. In its reference aspects, it has a broader range than traditional quantum chemistry books and reviews virtually all of the pertinent literature. The book is as such useful both for beginners as well as for specialists in advanced topics of quantum chemistry. The book presents the widest range of quantum chemical problems covered in one book.Its unique structure allows material to be tailored to the specific needs of the reader. The informal language used facilitates the understanding of difficult topics. 606 1 $aChimica quantistica 676 $a541.28$v(22. ed.)$9Chimica quantistica 700 1$aPiela,$bLucjan$0445805 801 0$aIT$bUniversità della Basilicata - B.I.A.$gRICA$2unimarc 912 $a000030736 996 $aIdeas of quantum chemistry$993839 997 $aUNIBAS BAS $aFARMACIA CAT $aLCR$b01$c20120131$lBAS01$h1558 CAT $aTTM$b30$c20120402$lBAS01$h1324 FMT Z30 -1$lBAS01$LBAS01$mBOOK$1BASA2$APolo Tecnico-Scientifico$2DID$BDidattica$3PTS.c2.p2.11$6110721$5S110721$820120402$f98$FConsultazione LEADER 01413nam 2200361 450 001 9910146186203321 005 20230828225435.0 010 $a88-8063-435-6 035 $a(CKB)1000000000279832 035 $a(MH)009483978-6 035 $a(EXLCZ)991000000000279832 100 $a20050503d2004 uy 0 101 0 $aita 200 10$aMusica per governare $eAlessandro, Adriano, Teoderico /$fDonatella Restani$b[electronic resource] 210 $aRavenna $cLongo$d2004 215 $a1 online resource (106 p. ) 225 1 $aLe tessere ;$v9 300 $aAlessandro Magno (356-323 B.C.); Hadrian (76-138 A.D.), Roman emperor; Theodoricus (ca. 454-526 A.D). 300 $aD. Restani teaches at the University of Bologna. 320 $aIncludes bibliographical references. 410 0$aTessere (Longo editore) ;$v9. 517 $aMusica per governare 606 $aMusic$xPolitical aspects 615 0$aMusic$xPolitical aspects. 676 $a780 700 $aRestani$b Donatella$0156103 801 0$bItFiC 801 1$bItFiC 906 $aBOOK 912 $a9910146186203321 996 $aMusica per governare$91015207 997 $aUNINA 999 $aThis Record contains information from the Harvard Library Bibliographic Dataset, which is provided by the Harvard Library under its Bibliographic Dataset Use Terms and includes data made available by, among others the Library of Congress